| 000 -ლიდერი |
| ფიქსირებული სიგრძის საკონტროლო ველი |
01769nam a2200361Ia 4500 |
| 001 - საკონტროლო ნომერი |
| საკონტროლო ველი |
22118 |
| 003 - საკონტროლო ნომრის იდენტიფიკატორი |
| საკონტროლო ველი |
GE_BSU |
| 005 - ბოლო ოპერაციის თარიღი და დრო |
| საკონტროლო ველი |
20221101113926.0 |
| 008 - ფიქსირებული სიგრძის მონაცემთა ელემენტები - ზოგადი ინფორმაცია |
| ფიქსირებული სიგრძის საკონტროლო ველი |
181216s ||||ge |||||||||||||| ||geo|| |
| 020 ## - წიგნის საერთაშორისო სტანდარტული ნომერი |
| International Standard Book Number |
9789941131530 |
| 040 ## - კატალოგიზაციის წყარო |
| Transcribing agency |
GE_BSU |
| 041 ## - ენის კოდი |
| Language code of text/sound track or separate title |
geo |
| 080 ## - უნივერსალური ათობითი კლასიფიკაციის ინდექსი |
| Universal Decimal Classification number |
82.01+821.353.1.09-31 რ-26 |
| 100 ## - მთავარი ჩანაწერი - პიროვნების სახელი |
| Personal name |
რატიანი, ირმა |
| 9 (RLIN) |
5778 |
| 245 ## - ცნობა სათაურის შესახებ |
| Title |
ტექსტი და ქრონოტოპი : |
| Remainder of title |
სახელმძღვანელო / |
| Statement of responsibility, etc |
ირმა რატიანი ; რედ. : თენგიზ კიკაჩეიშვილი, მერაბ ღაღანიძე. |
| 264 ## - წარმოების, გამოცემის, დისტრიბუციის და სხვა ცნობები |
| გამოცემის, წარმოების, დისტრიბუციის... ადგილი |
თბილისი : |
| გამოცემის, წარმოების, დისტრიბუციის... სახელწოდება |
თბილ. უნ-ტის გამ-ბა, |
| გამოცემის, წარმოების, დისტრიბუციის... თარიღი |
2010. |
| 300 ## - ფიზიკური აღწერა |
| Extent |
352 გვ. ; |
| Dimensions |
25 სმ. |
| 501 ## - შენიშვნა თანმხლებ მასალაზე |
| With note |
პირთა საძ. გვ. : 349-351 |
| 501 ## - შენიშვნა თანმხლებ მასალაზე |
| With note |
შენიშვნები გვ. 325 |
| 504 ## - BIBLIOGRAPHY, ETC. NOTE |
| Bibliography, etc |
ბიბლიოგრ. გვ. : 315-324 |
| 546 ## - LANGUAGE NOTE |
| Language note |
რეზიუმე ინგლისურ ენაზე |
| 653 ## - INDEX TERM--UNCONTROLLED |
| Uncontrolled term |
ლიტერატურა |
| 653 ## - INDEX TERM--UNCONTROLLED |
| Uncontrolled term |
ლიტერატურის თეორია |
| 653 ## - INDEX TERM--UNCONTROLLED |
| Uncontrolled term |
ლიტერატურული ესთეტიკა |
| 653 ## - INDEX TERM--UNCONTROLLED |
| Uncontrolled term |
ლიტერატურული კრიტიკა |
| 653 ## - INDEX TERM--UNCONTROLLED |
| Uncontrolled term |
ქართული ლიტერატურის ისტორია და კრიტიკა |
| 653 ## - INDEX TERM--UNCONTROLLED |
| Uncontrolled term |
ტექსტი და ქრონოტოპი |
| 700 ## - ADDED ENTRY--PERSONAL NAME |
| Personal name |
კიკაჩეიშვილი, თენგიზ |
| Relator term |
რედაქტორი |
| 9 (RLIN) |
15689 |
| 700 ## - ADDED ENTRY--PERSONAL NAME |
| Personal name |
ღაღანიძე, მერაბ |
| Relator term |
რედაქტორი |
| 9 (RLIN) |
12587 |
| 710 ## - ADDED ENTRY--CORPORATE NAME |
| Corporate name or jurisdiction name as entry element |
თსუ |
| 9 (RLIN) |
15690 |
| 942 ## - ADDED ENTRY ELEMENTS (KOHA) |
| Koha item type |
წიგნი |
| Source of classification or shelving scheme |
|